| Tag |
First Indicator |
Second Indicator |
Subfields |
| LEADER |
00000cam a2200000 a 4500 |
| 001 |
in00000084297 |
| 005 |
20151008061320.0 |
| 008 |
820128s1981 txuaf j 00010beng |
| 010 |
|
|
|a 81184951
|
| 020 |
|
|
|a 0890152934
|
| 020 |
|
|
|a 0890152853 (jacket)
|
| 035 |
|
|
|a (OCoLC)08196049
|
| 035 |
|
|
|9 AAJ7796AM
|
| 039 |
0 |
|
|a 2
|b 3
|c 3
|d 3
|e 3
|
| 040 |
|
|
|a DLC
|c DLC
|d TXA
|d UtOrBLW
|
| 043 |
|
|
|a n-us-tx
|
| 049 |
|
|
|a [Curr Col] TXAM
|c [1196688]
|
| 050 |
0 |
0 |
|a F389.A942
|b F58
|
| 082 |
0 |
|
|a 976.4/03/0924
|a B
|a 92
|2 19
|
| 100 |
1 |
|
|a Flynn, Jean.
|
| 245 |
1 |
0 |
|a Stephen F. Austin, the father of Texas /
|c by Jean Flynn.
|
| 264 |
|
1 |
|a Burnet, Tex. :
|b Eakin Press,
|c [1981]
|
| 264 |
|
4 |
|c ©1981
|
| 300 |
|
|
|a vi, 49 pages, 2 unnumbered pages of plates :
|b illustrations ;
|c 23 cm.
|
| 336 |
|
|
|a text
|b txt
|2 rdacontent
|
| 337 |
|
|
|a unmediated
|b n
|2 rdamedia
|
| 338 |
|
|
|a volume
|b nc
|2 rdacarrier
|
| 490 |
1 |
|
|a Stories for young Americans
|
| 520 |
|
|
|a A biography of the Texas pioneer and leader in the Texas Revolution of 1835 and 1836.
|
| 600 |
1 |
0 |
|a Austin, Stephen F.
|q (Stephen Fuller),
|d 1793-1836
|x Juvenile literature.
|
| 600 |
1 |
1 |
|a Austin, Stephen F.
|q (Stephen Fuller),
|d 1793-1836.
|
| 650 |
|
0 |
|a Pioneers
|z Texas
|v Biography
|v Juvenile literature.
|
| 650 |
|
1 |
|a Pioneers.
|
| 651 |
|
0 |
|a Texas
|x History
|y To 1846
|v Juvenile literature.
|
| 651 |
|
1 |
|a Texas
|x History
|y To 1846.
|
| 830 |
|
0 |
|a Stories for young Americans series.
|
| 999 |
|
|
|a MARS
|
| 999 |
f |
f |
|s 4f7cff26-5c30-36b3-aea9-495a4674d9e1
|i 637ae794-e230-30cf-adf0-eea2cba59f21
|t 0
|
| 952 |
f |
f |
|p normal
|a Texas A&M University
|b College Station
|c Sterling C. Evans Library
|d Evans: Curriculum Collection (4th floor)
|t 0
|e F389.A942 F58
|h Library of Congress classification
|i unmediated -- volume
|m A14806054177
|
| 998 |
f |
f |
|a F389.A942 F58
|t 0
|l Evans: Curriculum Collection (4th floor)
|